000 00823nam a2200241Ia 4500
005 20250425160903.0
008 250425s9999 xx 000 0 und d
020 _a9686025006
041 _aspa
043 _amx
082 _a658
100 _aHARVARD, BUSINESS REVIEW
245 0 _aCLASICOS HARVARD DE LA ADMINISTRACION
250 _a1A ED.
260 _aMEXICO
260 _aMéxico
_bHARVARD BUSINESS REVIEW
_c1986
300 _a100
500 _aEL INVENTARIO N.- 18739 TIENE EL VOLUMEN 5, EL INVENTARIO N.- 18738 VOLUMEN 4, INVENTARIO .- 18737 VOLUMEN 3, INVENTARIO N.-18736 VOLUMEN 2 , INVENTARIO N.- 18743 VOLUMEN 9, INVENTARIO N.-18742 VOLUMEN 8, INVENTARIO N.- 18741 , VOLUMEN 8
650 _aADMINISTRACION
710 _aHARVARD BUSINESS REVIEW
942 _c01
010 _a7629
999 _c198189
_d198189